header

Chinese firms and technology in the reform era (Record no. 31513)

MARC details
000 -LEADER
fixed length control field 01266nam a2200313Ia 4500
082 04 - DEWEY DECIMAL CLASSIFICATION NUMBER
Classification number 338/.064/0951
100 1# - MAIN ENTRY--AUTHOR NAME
Personal name Shi, Yizheng,
245 10 - TITLE STATEMENT
Title Chinese firms and technology in the reform era
260 ## - PUBLICATION, DISTRIBUTION, ETC. (IMPRINT)
Place of publication London ;
-- New York :
Name of publisher Routledge,
Year of publication 1998.
300 ## - PHYSICAL DESCRIPTION
Number of Pages ix, 186 p.
650 #0 - SUBJECT ADDED ENTRY--TOPICAL TERM
Topical Term Government business enterprises
Topical Term Technology transfer
856 40 - ELECTRONIC LOCATION AND ACCESS
Uniform Resource Identifier http://site.ebrary.com/lib/rucke/Doc?id=10070703

No items available.

© 2026 Rongo University
Contact us: librarian | system librarian | Rongo university